000
00254nam a22001217a 4500
008
180306b xxu||||| |||| 00| 0 eng d
041
_a
eng
080
_a
51
100
_a
36
101
_a
MAT
245
_a
College algebra
_c
Denbow,C.H
942
_2
udc
_c
BK
999
_c
44177
_d
44177